Jeu du plus grand département frontalier - avec carte vierge - Statistiques

Statistiques générales
  • Ce quiz a été pris 657 fois
  • Le résultat moyen est 50 sur 94
Réponses sur la Carte
Les réponses sont colorées sur une échelle allant du rouge au vert en fonction du pourcentage des utilisateurs qui les ont devinées à leur premier essai. Vous pouvez retrouver ces pourcentages ci-dessous.
 
Statistiques - réponses
Département % Correct
Gironde
100%
Landes
94%
Pyrénées-Atlantiques
87%
Gers
81%
Haute-Garonne
79%
Aude
74%
Hérault
74%
Aveyron
72%
Gard
69%
Ardèche
67%
Drôme
65%
Isère
65%
Alpes-de-Haute-Provence
64%
Bouches-du-Rhône
63%
Var
63%
Vaucluse
63%
Ain
61%
Alpes-Maritimes
61%
Hautes-Alpes
61%
Saône-et-Loire
61%
Savoie
61%
Côte-d'Or
60%
Yonne
60%
Allier
59%
Cher
59%
Loiret
59%
Puy-de-Dôme
58%
Charente-Maritime
57%
Corrèze
57%
Dordogne
57%
Maine-et-Loire
57%
Vendée
57%
Indre
55%
Sarthe
55%
Vienne
55%
Aisne
54%
Eure
54%
Loir-et-Cher
54%
Marne
54%
Orne
54%
Seine-Maritime
54%
Somme
54%
Haute-Marne
53%
Meuse
53%
Vosges
52%
Doubs
51%
Haute-Saône
51%
Jura
51%
Ardennes
49%
Haut-Rhin
49%
Meurthe-et-Moselle
49%
Territoire de Belfort
49%
Aube
48%
Bas-Rhin
48%
Moselle
48%
Oise
48%
Eure-et-Loir
47%
Seine-et-Marne
47%
Val-d'Oise
47%
Yvelines
47%
Essonne
46%
Hauts-de-Seine
46%
Paris
46%
Seine-Saint-Denis
46%
Val-de-Marne
46%
Calvados
45%
Ille-et-Vilaine
45%
Manche
45%
Pas-de-Calais
45%
Côtes-d'Armor
44%
Finistère
44%
Indre-et-Loire
44%
Loire-Atlantique
44%
Morbihan
44%
Nord
44%
Charente
43%
Mayenne
43%
Deux-Sèvres
42%
Haute-Vienne
42%
Creuse
41%
Lot-et-Garonne
40%
Lot
39%
Cantal
38%
Haute-Loire
37%
Loire
37%
Lozère
37%
Rhône
37%
Tarn
37%
Tarn-et-Garonne
37%
Ariège
36%
Nièvre
36%
Haute-Savoie
34%
Hautes-Pyrénées
34%
Pyrénées-Orientales
34%
Aucun quiz correspondant
Distribution des résultats
% des personnes avec chaque résultat
Percentile par nombre de réponses
Votre historique - résultats
Vous n’avez pas pris ce quiz